Most populous US cities first letter I & J Quiz Stats

 Plays Quiz not verified by Sporcle

Challenge
Share
Tweet
Embed
Score 0/9 Timer 02:00
0 Plays Today
State City % Correct
IndianaIndianapolis
100%
FloridaJacksonville
99.2%
MississippiJackson
99.2%
New JerseyJersey City
89.3%
CaliforniaIrvine
70.2%
IllinoisJoliet
69.5%
TexasIrving
65.6%
MissouriIndependence
57.3%
CaliforniaInglewood
34.4%

You're not logged in!

Compare scores with friends on all Sporcle quizzes.
Join for Free
OR
Log In

You Might Also Like...

Show Comments

Extras

Top Quizzes Today


Score Distribution

Your Account Isn't Verified!

In order to create a playlist on Sporcle, you need to verify the email address you used during registration. Go to your Sporcle Settings to finish the process.

Report this User

Report this user for behavior that violates our Community Guidelines.

Details: